La industria de la biotecnología silvoagropecuaria: una oportunidad para el desarrollo del sector

Сохранить в:
Библиографические подробности
Соавтор: Fundación para la Innovación Agraria (Автор)
Формат:
Язык:испанский
Опубликовано: Santiago Ministerio de Agricultura 2003
Предметы:
Метки: Добавить метку
Нет меток, Требуется 1-ая метка записи!

MARC

LEADER 00000nam a2200000 a 4500
001 UCI6410
003 CL-VaPUC
008 080509e20030000CL |||||||||||||||||spa|d
082 0 4 |a 660.6  |b FUN  |2 21 
110 2 |a Fundación para la Innovación Agraria  |e author  |9 529319 
245 1 3 |a La industria de la biotecnología silvoagropecuaria: una oportunidad para el desarrollo del sector 
300 |a 67 p 
942 |c BK 
945 |d 20080509 00:00:00  |a rbrito 
260 |a Santiago  |b Ministerio de Agricultura  |c 2003 
650 0 |a Biotecnología   |9 259561 
650 7 |a SILVOAGRICULTURA  |2 CL-VaPUC  |9 438342 
583 |a last modification  |c 20080509 00:00:00  |k Rodrigo Vera 
999 |c 329923  |d 329921 
952 |0 0  |1 0  |4 0  |6 660_600000000000000_FUN_2003  |7 0  |8 A  |9 415135  |a BIBAGR  |b BIBAGR  |d 2019-11-22  |i 4436865  |o 660.6 FUN 2003  |p 4436865  |r 2025-01-20  |w 2019-11-22  |y BK  |k AGR 
952 |0 0  |1 0  |4 0  |6 660_600000000000000_FUN_2003  |7 0  |8 A  |9 415136  |a BIBAGR  |b BIBAGR  |d 2019-11-22  |i 4635728  |o 660.6 FUN 2003  |p 4635728  |r 2025-01-20  |w 2019-11-22  |y BK  |k AGR